000 00862nam a2200265Ia 4500
003 OSt
005 20220925220609.0
006 a|||||r|||| 00| 0
007 ta
008 220923b |||||||| |||| 00| 0 eng d
020 _a333 14071 0
037 _cGeneral Book
040 _aRTL
_cRTL
_beng
041 _2eng
_aeng
082 _aU42.1.N7, L4
110 _aUN, Economic and Social Affiars (Deptt of-), Centre for Housing, Building and Planning
_9285060
245 0 _aHuman settlements
_b the environmental challenge A
260 _aLondon
_bMacmillan
_c1974
300 _axvi,209p
_ccm.
500 _aAppendix: P 175-209
650 _aMigration
700 _aUN, Economic and Social Affiars (Deptt of-), Centre for Housing, Building and Planning
_9285061
942 _hU42.1.N7, L4
_cGB
_2CC
999 _c571873
_d571873